Statistiques concernant QCM - Paroles de "Tout le monde veut devenir un cat"

Cliquez ici pour prendre le quiz!

Statistiques générales

  • Ce quiz a été pris 133 fois
  • Le résultat moyen est 6 sur 10

Statistiques - réponses

QuestionRéponse% Correct
Tout le monde veut devenir un cat, parce qu'un chat quand il est cat, retombe...sur ses pattes
96%
Bientôt ça vous rend fou. Ça swingue comme un pied. Oui c'est pire que l'ennui, Oh là là mes amis, quelle calamité. Tout le monde veut devenir un cat parce qu'un chat quand il est cat, retoooooombe sur ses pattes. A jouer du jazz...On devient vite un acrobate
91%
C'est vrai ! Tout le monde est piqué de ce pas si bien rythmé. Tout semble au près de lui très démodé ! C'est comme...Les bottines à boutons
77%
Le seul qui sache, s'acharne à swinguer. Qui donc danserait encore...La gigue avec des nattes
67%
J'aimerais plus de passion, plus de cœur et d'abandon, habiller de...Couleurs cette chanson
58%
Une cloche dès qu'il joue de sa trompette vous rend fou, ça swingue comme un pied. Mais oui c'est pire que l'ennui, Oh là là mes amis, quelle calamité. C'est comme parmi ces gars qui veulent...Chanter
55%
Les autres chats vont s'assembler, dans la ruelle mal éclairée, la grande nuit va commencer, nous les laisserons...A l'ombre s'aimer
33%
Il n'y a qu'à jouer en d'autres clefs. Moduler, oh oui, ça m'plait car j'adore faire...Certaines p'tites variations
29%
Quand tout le monde veut devenir un cat ! ...Une cloche quoi qu'il joue
28%
Oui tout le monde...Qu'est dingue du swing est cat
20%

Distribution des résultats

Percentile par nombre de réponses

% des personnes avec chaque résultat

Votre développement - résultats

Vous n’avez pas pris ce quiz